<?xml version="1.0" encoding="UTF-8"?>
<collection xmlns="http://www.loc.gov/MARC21/slim">
 <record>
  <leader>01866nam a22003495a 4500</leader>
  <controlfield tag="001">EUN.eunm001355</controlfield>
  <controlfield tag="005">20160829113359.0</controlfield>
  <controlfield tag="008">070719s2006####mx#a#####b####001#0#spa#d</controlfield>
  <datafield tag="020" ind1=" " ind2=" ">
   <subfield code="a">9701056205</subfield>
  </datafield>
  <datafield tag="020" ind1=" " ind2=" ">
   <subfield code="a">9789701056202 (ISBN-13)</subfield>
  </datafield>
  <datafield tag="020" ind1=" " ind2=" ">
   <subfield code="a">0073080136 (CD-ROM)</subfield>
  </datafield>
  <datafield tag="041" ind1="1" ind2=" ">
   <subfield code="a">spa</subfield>
   <subfield code="h">eng</subfield>
  </datafield>
  <datafield tag="082" ind1="0" ind2="4">
   <subfield code="a">537.12</subfield>
   <subfield code="2">15</subfield>
  </datafield>
  <datafield tag="100" ind1="1" ind2=" ">
   <subfield code="a">Hayt, William Hart,</subfield>
   <subfield code="d">1920-</subfield>
  </datafield>
  <datafield tag="245" ind1="1" ind2="0">
   <subfield code="a">Teoría electromagnética /</subfield>
   <subfield code="c">William H. Hayt, Jr., John A. Buck ; traducción, Carlos Roberto Cordero Pedraza ; revisión técnica, Gustavo Pérez L.</subfield>
  </datafield>
  <datafield tag="250" ind1=" " ind2=" ">
   <subfield code="a">7a. ed.</subfield>
  </datafield>
  <datafield tag="260" ind1=" " ind2=" ">
   <subfield code="a">México, D.F. :</subfield>
   <subfield code="b">McGraw-Hill/Interamericana,</subfield>
   <subfield code="c">c2006.</subfield>
  </datafield>
  <datafield tag="300" ind1=" " ind2=" ">
   <subfield code="a">xxi, 582 p. :</subfield>
   <subfield code="b">il. ;</subfield>
   <subfield code="c">24 cm. +</subfield>
   <subfield code="e">1 CD-ROM.</subfield>
  </datafield>
  <datafield tag="500" ind1=" " ind2=" ">
   <subfield code="a">Traducción de: Engineering electromagnetics; publicado por McGraw-Hill, c2006.</subfield>
  </datafield>
  <datafield tag="504" ind1=" " ind2=" ">
   <subfield code="a">Incluye referencias bibliográficas e índice.</subfield>
  </datafield>
  <datafield tag="538" ind1=" " ind2=" ">
   <subfield code="a">Requisitos del sistema para el disco complementario: Windows, Pentium II, 64MB, Windows 98, Microsoft Internet Explorer 5.x or Netscape 4.7; Macintosh, Power Macintosh G3, 64MB, OS 9.x, Microsoft Internet Explorer 5.1 or Netscape 4.8.; browser plug-ins: Macromedia Flash player, Macromedia Shockwave player.</subfield>
  </datafield>
  <datafield tag="546" ind1=" " ind2=" ">
   <subfield code="a">Texto en español; CD-ROM en inglés.</subfield>
  </datafield>
  <datafield tag="650" ind1=" " ind2="7">
   <subfield code="a">Física.</subfield>
   <subfield code="2">unbist</subfield>
  </datafield>
  <datafield tag="653" ind1=" " ind2=" ">
   <subfield code="a">Teoría electromagnética</subfield>
  </datafield>
  <datafield tag="700" ind1="1" ind2=" ">
   <subfield code="a">Buck, John A.</subfield>
  </datafield>
  <datafield tag="856" ind1="4" ind2="2">
   <subfield code="u">http://www.mhhe.com/haytbuck</subfield>
   <subfield code="y">Material de ayuda</subfield>
  </datafield>
  <datafield tag="859" ind1=" " ind2=" ">
   <subfield code="a">AR-BaUNS</subfield>
   <subfield code="b">BIB. CENTRAL - Sector A</subfield>
   <subfield code="h">537.12</subfield>
   <subfield code="i">H335-1a7</subfield>
   <subfield code="p">118066/007</subfield>
  </datafield>
  <datafield tag="859" ind1=" " ind2=" ">
   <subfield code="a">AR-BaUNS</subfield>
   <subfield code="b">BIB. CENTRAL - Sector A</subfield>
   <subfield code="h">537.12</subfield>
   <subfield code="i">H335-1a7</subfield>
   <subfield code="p">118067/007</subfield>
   <subfield code="t">Ej.2</subfield>
  </datafield>
  <datafield tag="859" ind1=" " ind2=" ">
   <subfield code="a">AR-BaUNS</subfield>
   <subfield code="b">BIB. CENTRAL - Sector A</subfield>
   <subfield code="h">537.12</subfield>
   <subfield code="i">H335-1a7</subfield>
   <subfield code="p">118068/007</subfield>
   <subfield code="t">Ej.3</subfield>
  </datafield>
  <datafield tag="859" ind1=" " ind2=" ">
   <subfield code="a">AR-BaUNS</subfield>
   <subfield code="b">BIB. CENTRAL - Sector A</subfield>
   <subfield code="h">537.12</subfield>
   <subfield code="i">H335-1a7</subfield>
   <subfield code="p">118442/007</subfield>
   <subfield code="t">Ej.4</subfield>
  </datafield>
  <datafield tag="859" ind1=" " ind2=" ">
   <subfield code="a">AR-BaUNS</subfield>
   <subfield code="b">BIB. CENTRAL - Sector A</subfield>
   <subfield code="h">537.12</subfield>
   <subfield code="i">H335-1a7</subfield>
   <subfield code="p">118443/007</subfield>
   <subfield code="t">Ej.5</subfield>
  </datafield>
  <datafield tag="859" ind1=" " ind2=" ">
   <subfield code="a">AR-BaUNS</subfield>
   <subfield code="b">BIB. CENTRAL - Sector A</subfield>
   <subfield code="h">537.12</subfield>
   <subfield code="i">H335-1a7</subfield>
   <subfield code="p">118866/008</subfield>
   <subfield code="t">Ej.6</subfield>
  </datafield>
 </record>
</collection>
